Пылевая и ртутная нагрузка в зоне воздействия цементных заводов по данным изучения снегового покрова (Кемеровская и Новосибирская обл.); Экологические проблемы природо- и недропользования (ЭКОГЕОЛОГИЯ – 2019)

Bibliografiske detaljer
Parent link:Экологические проблемы природо- и недропользования (ЭКОГЕОЛОГИЯ – 2019).— 2019.— [С. 96-100]
Hovedforfatter: Володина Д. А. Дарья Анатольевна
Institution som forfatter: Национальный исследовательский Томский политехнический университет Инженерная школа природных ресурсов Отделение геологии
Andre forfattere: Таловская А. В. Анна Валерьевна
Summary:Заглавие с экрана
The results of the evaluation of the spatial distribution of dust and mercuryloads in the territories of two cities are presented. It is determined that the amount of dust loadexceeds background values from tens to hundreds of times, and the degree of dust pollutionvaries from low to very high. Distribution of mercury in the study area is uneven. The mercury content in the solid snow sediment of the city of Iskitim exceeds the mercury content in thecity of Topki by about 20 times
Sprog:russisk
Udgivet: 2019
Fag:
Online adgang:https://psv4.userapi.com/c848224/u707688/docs/d7/fb8902ad9689/Sbornik_2019_XIX.pdf#page=96
Format: MixedMaterials Electronisk Book Chapter
KOHA link:https://koha.lib.tpu.ru/cgi-bin/koha/opac-detail.pl?biblionumber=661319

MARC

LEADER 00000naa0a2200000 4500
001 661319
005 20250829131844.0
035 |a (RuTPU)RU\TPU\network\31644 
035 |a RU\TPU\network\28076 
090 |a 661319 
100 |a 20191128d2019 k y0rusy50 ca 
101 0 |a rus 
102 |a RU 
135 |a drcn ---uucaa 
181 0 |a i  
182 0 |a b 
200 1 |a Пылевая и ртутная нагрузка в зоне воздействия цементных заводов по данным изучения снегового покрова (Кемеровская и Новосибирская обл.)  |d Dust load and mineral composition of solid particles in the area of impact of cement plants according to the study of snow cover (Kemerovo and Novosibirsk region)  |f Д. А. Володина, А. В. Таловская 
203 |a Текст  |c электронный 
300 |a Заглавие с экрана 
330 |a The results of the evaluation of the spatial distribution of dust and mercuryloads in the territories of two cities are presented. It is determined that the amount of dust loadexceeds background values from tens to hundreds of times, and the degree of dust pollutionvaries from low to very high. Distribution of mercury in the study area is uneven. The mercury content in the solid snow sediment of the city of Iskitim exceeds the mercury content in thecity of Topki by about 20 times 
463 |t Экологические проблемы природо- и недропользования (ЭКОГЕОЛОГИЯ – 2019)  |o труды Международной молодежной научной конференции, Санкт-Петербург, 3-7 Июня 2019, Санкт-Петербург  |o Т. XIX  |v [С. 96-100]  |f Санкт-Петербургский государственный университет  |d 2019 
510 1 |a Dust load and mineral composition of solid particles in the area of impact of cement plants according to the study of snow cover (Kemerovo and Novosibirsk region)  |z eng 
610 1 |a электронный ресурс 
610 1 |a труды учёных ТПУ 
610 1 |a snow cover 
610 1 |a dust load 
610 1 |a cement factory 
610 1 |a снежный покров 
610 1 |a пылевая нагрузка 
610 1 |a цементные заводы 
700 1 |a Володина  |b Д. А.  |g Дарья Анатольевна 
701 1 |a Таловская  |b А. В.  |c геохимик  |c профессор Томского политехнического университета, доктор геолого-минералогических наук  |f 1983-  |g Анна Валерьевна  |3 (RuTPU)RU\TPU\pers\26173  |9 11982 
712 0 2 |a Национальный исследовательский Томский политехнический университет  |b Инженерная школа природных ресурсов  |b Отделение геологии  |3 (RuTPU)RU\TPU\col\23542 
801 2 |a RU  |b 63413507  |c 20191225  |g RCR 
856 4 |u https://psv4.userapi.com/c848224/u707688/docs/d7/fb8902ad9689/Sbornik_2019_XIX.pdf#page=96 
942 |c CF